|
|
|
|
| LEADER |
01641cas a2200241 a 4500 |
| 001 |
AALejournalIMF007708 |
| 008 |
230101c9999 xx r poo 0 0eng d |
| 020 |
|
|
|c 5.00 USD
|
| 020 |
|
|
|z 9781451849585
|
| 022 |
|
|
|a 1018-5941
|
| 040 |
|
|
|a BD-DhAAL
|c BD-DhAAL
|
| 100 |
1 |
|
|a Fukuyama, Francis.
|
| 245 |
1 |
0 |
|a Social Capital and Civil Society /
|c Francis Fukuyama.
|
| 264 |
|
1 |
|a Washington, D.C. :
|b International Monetary Fund,
|c 2000.
|
| 300 |
|
|
|a 1 online resource (18 pages)
|
| 490 |
1 |
|
|a IMF Working Papers
|
| 500 |
|
|
|a <strong>Off-Campus Access:</strong> No User ID or Password Required
|
| 500 |
|
|
|a <strong>On-Campus Access:</strong> No User ID or Password Required
|
| 506 |
|
|
|a Electronic access restricted to authorized BRAC University faculty, staff and students
|
| 520 |
3 |
|
|a Social capital is an instantiated informal norm that promotes cooperation between individuals. In the economic sphere it reduces transaction costs, and in the political sphere it promotes the kind of associational life that is necessary for the success of limited government and modern democracy. Although social capital often arises from iterated Prisoner's Dilemma games, it also is a byproduct of religion, tradition, shared historical experience, and other types of cultural norms. Thus whereas awareness of social capital is often critical for understanding development, it is difficult to generate through public policy.
|
| 538 |
|
|
|a Mode of access: Internet
|
| 830 |
|
0 |
|a IMF Working Papers; Working Paper ;
|v No. 2000/074
|
| 856 |
4 |
0 |
|z Full text available on IMF
|u http://elibrary.imf.org/view/journals/001/2000/074/001.2000.issue-074-en.xml
|z IMF e-Library
|